Những quy định pháp luật về quyền lợi và nghĩa vụ của cán bộ công chức nhà nước và người lao động

Wedi'i Gadw mewn:
Manylion Llyfryddiaeth
Fformat: Llyfr
Iaith:Undetermined
Cyhoeddwyd: Hà Nội Chính Trị Quốc Gia 1999
Pynciau:
Tagiau: Ychwanegu Tag
Dim Tagiau, Byddwch y cyntaf i dagio'r cofnod hwn!
Thư viện lưu trữ: Trung tâm Học liệu Trường Đại học Cần Thơ
LEADER 00610nam a2200169Ia 4500
001 CTU_35331
008 210402s9999 xx 000 0 und d
020 |b 145.000đ 
082 |a 344.01 
082 |b Nh556 
245 0 |a Những quy định pháp luật về quyền lợi và nghĩa vụ của cán bộ công chức nhà nước và người lao động 
260 |a Hà Nội 
260 |b Chính Trị Quốc Gia 
260 |c 1999 
650 |a labor laws and legislation - vietnam 
904 |i Minh, 000224 
980 |a Trung tâm Học liệu Trường Đại học Cần Thơ